000 01520naa a2200373 i 4500
003 EG-GICUC
005 20260121101422.0
008 251203s1921 us ||||fr|||| 001 0 eng d
040 _aEG-GiCUC
_beng
_cEG-GiCUC
_dEG-GiCUC
_erda
041 1 _aeng
082 0 4 _221
_a341.6
_bGE . H
092 0 4 _221
099 _aLaw1 11 341.6 GE . H 1921
100 1 _aGentili, Alberico,
_d1552-1608,
_eAuthor.
245 1 0 _aHispanicae advocationis libri dvo.
_nVolume 2,
_pThe translation /
_cby Alberico Gentili ; The Translation by Frank Frost Abbott.
264 3 _aNew York :
_bOxford University Press,
_c1921.
300 _a284 paging ;
_c24 cm.
336 _2rda content
_atext
337 _2rda media
_aComputer
338 _2rda carrier
_aOnline Resource
490 0 _aThe classics of international law.
500 _aIncludes index
500 _aTranslated from Latin
504 _aIncludes bibliographical references
505 _aVOL I. A Photographic Reproduction of the Edition of 1661, with an Introduction by Frank Frost Abbott, and a List of Errata. VOL. II. A Translation of the Test, by Frank Frost Ahbors, with an Index of Authors prepared by Arthur Williams.
546 _aText in English
650 1 4 _aMilitary law
_2qrmak
_xPublic international law
651 1 _2qrmak
700 1 _aAbbott, Frank Frost,
_eTranslator.
_d1860-1924,
700 1 _aWilliams, Arthur
_eContributor
856 4 0 _uhttps://fll.law.cu.edu.eg/fulltext/bks/B11-05450.pdf
905 _a75
_eHassnaa
942 _2ddc
_n0
_cBK
_e21
999 _c48098
_d48098